Césars: meilleur second rôle féminin - Statistiques

Statistiques générales
  • Ce quiz a été pris 62 fois
  • Le résultat moyen est 19 sur 41
Statistiques - réponses
Hint Réponse % Correct
1996 annie girardot
68%
20002 annie girardot
68%
1984 suzanne flon
68%
1990 suzanne flon
68%
1987 emmanuelle beart
64%
1981 nathalie baye
64%
1982 nathalie baye
64%
2006 cecile de france
60%
1988 dominique lavanant
60%
1998 agnes jaoui
56%
1986 bernadette laffont
56%
1991 dominique blanc
56%
1993 dominique blanc
56%
1999 dominique blanc
56%
2009 elsa zylberstein
56%
2005 marion cotillard
56%
1994 valerie lemercier
56%
2007 valerie lemercier
56%
2003 karin viard
52%
1976 marie france pisier
52%
1977 marie france pisier
52%
2014 adele haenel
48%
1997 catherine frot
48%
2000 charlotte gainsbourg
44%
2010 emmanuelle devos
44%
2004 julie depardieu
44%
2008 julie depardieu
44%
1989 hélène vincent
40%
2012 carmen maura
36%
1995 virna lisi
36%
2001 anne alvaro
32%
2011 anne alvaro
32%
1980 nicole garcia
32%
1979 stéphane audran
32%
2013 valerie benguigui
28%
1992 anne brochet
24%
1983 fanny cottencon
24%
2015 kristen stewart
20%
1978 marie dubois
20%
1985 caroline cellier
16%
2016 sidse babett knudsen
12%
Aucun quiz correspondant
Distribution des résultats
% des personnes avec chaque résultat
Percentile par nombre de réponses
Votre historique - résultats
Vous n’avez pas pris ce quiz